000 00460nam a22001577a 4500
005 20251108165042.0
008 250721s9999 xx 000 0 ara d
082 1 4 _a956.4/رمض
100 1 _aلاوند، رمضان
245 1 0 _aالإنسان العربي بعد الكارثتين 1948-1967 /
264 1 _aالكويت :
_bمكتبة الأمل،
_c[19-].
300 _a93ص
650 1 7 _aتاريخ فلسطين
942 _2ddc
_cBK
999 _c20988
_d20988